<?xml version="1.0" encoding="UTF-8"?><?xml-stylesheet type="text/xsl" href="static/style.xsl"?><OAI-PMH xmlns="http://www.openarchives.org/OAI/2.0/" xmlns:xsi="http://www.w3.org/2001/XMLSchema-instance" xsi:schemaLocation="http://www.openarchives.org/OAI/2.0/ http://www.openarchives.org/OAI/2.0/OAI-PMH.xsd"><responseDate>2026-06-01T06:40:25Z</responseDate><request verb="GetRecord" identifier="oai:riuma.uma.es:10630/28598" metadataPrefix="marc">https://riuma.uma.es/rest/oai/request</request><GetRecord><record><header><identifier>oai:riuma.uma.es:10630/28598</identifier><datestamp>2026-02-03T11:48:12Z</datestamp><setSpec>com_10630_2254</setSpec><setSpec>col_10630_37959</setSpec></header><metadata><record xmlns="http://www.loc.gov/MARC21/slim" xmlns:dcterms="http://purl.org/dc/terms/" xmlns:doc="http://www.lyncode.com/xoai" xmlns:xsi="http://www.w3.org/2001/XMLSchema-instance" xsi:schemaLocation="http://www.loc.gov/MARC21/slim http://www.loc.gov/standards/marcxml/schema/MARC21slim.xsd">
   <leader>00925njm 22002777a 4500</leader>
   <datafield ind2=" " ind1=" " tag="042">
      <subfield code="a">dc</subfield>
   </datafield>
   <datafield ind2=" " ind1=" " tag="720">
      <subfield code="a">Ballesteros-Gómez, Joaquín</subfield>
      <subfield code="e">author</subfield>
   </datafield>
   <datafield ind2=" " ind1=" " tag="720">
      <subfield code="a">Fernández-Carmona, Manuel</subfield>
      <subfield code="e">author</subfield>
   </datafield>
   <datafield ind2=" " ind1=" " tag="720">
      <subfield code="a">Urdiales-García, Amalia Cristina</subfield>
      <subfield code="e">author</subfield>
   </datafield>
   <datafield ind2=" " ind1=" " tag="260">
      <subfield code="c">2023</subfield>
   </datafield>
   <datafield ind2=" " ind1=" " tag="520">
      <subfield code="a">The goal of using a rollator is to provide physical stability, support, and increased independence while walking or performing daily activities. The decision to use a rollator is often made in consultation with healthcare professionals, who assess the individual's mobility limitations and recommend the appropriate assistive device. Rollators can be becoming 'smart' by including sensors and actuators, and they can remotely monitor the user conditions. This allows caregivers or family members to remotely monitor the user's condition, track their activities, and receive alerts or notifications if any issues arise. That is particularly important in care home facilities, where the ratio of users per caregiver is high. This work presents the design and initial test of NITRO, a gadget that turN a rollator Into a smart ROllator to monitor the user's gait and routines in care home facilities. Two main requirements have been imposed by the caregivers: first, the gadget should be attached (and detached) to any standard rollator frame (four-wheels, three-wheels, two rear wheels): and seconds, it can personalize the monitoring depending on the users who use the gadget.</subfield>
   </datafield>
   <datafield ind1="8" ind2=" " tag="024">
      <subfield code="a">https://hdl.handle.net/10630/28598</subfield>
   </datafield>
   <datafield tag="653" ind2=" " ind1=" ">
      <subfield code="a">Innovaciones tecnológicas - Congresos</subfield>
   </datafield>
   <datafield ind2="0" ind1="0" tag="245">
      <subfield code="a">NITRO: a gadget to transform standard rollators into smart rollators for monitoring user conditions</subfield>
   </datafield>
</record>
</metadata></record></GetRecord></OAI-PMH>